Представление документа в формате MARC21

ПолеНазваниеЗначение
  Тип записи a
  Библиографический уровень m
001 Контрольный номер RU\infra-m\znanium\bibl\2237611
005 Дата корректировки 20260429142107.2
008 Кодируемые данные 260120s2025 RU g rus u
020 Индекс ISBN __
a ISBN 978-5-206-00364-2
040 Источник каталогиз. __
a Служба первич. каталог. Общество с ограниченной ответственностью «ЗНАНИУМ»
041 Код языка издания __
a Код языка текста rus
044 Код страны публикации __
a Код страны публикации RU
080 Индекс УДК __
a Индекс УДК 621
084 Индекс другой классификации/Индекс ББК __
2 Источник индекса rubbk
a Индекс другой классификации/Индекс ББК 3284
100 Автор __
a Автор Липкин Е.
q Полное имя Липкин Евгений
245 Заглавие __
a Заглавие Производство мирового уровня. Путь к эффективности российского приборостроения
b Продолж. заглавия Научно-популярная литература
250 Сведения об издании __
a Основные сведения об издании 1
260 Выходные данные __
a Место издания Москва
b Издательство Альпина ПРО
c Дата издания 2026
300 Физическое описание __
a Объем 328 с.
520 Аннотация __
a Аннотация Новая книга Евгения Липкина посвящена созданию производства мирового уровня в сфере радиоэлектронной аппаратуры. Автор рассматривает роль и место производства в бизнес-модели предприятия проводит обзор состояния российского рынка приборостроения и его положения на мировой арене анализирует наиболее перспективные вопросы стратегического планирования производственной деятельности раскрывает современные подходы к обеспечению качества анализирует экономические аспекты производства и кадровые вопросы. Будучи экспертом в тематике четвертой промышленной революции автор размышляет об актуальных проблемах организации приборостроительного производства в условиях Индустрии 4.0 и перспективах перехода к Индустрии 5.0. Книга ориентирована на менеджмент производственных компаний а также организаций пользующихся услугами контрактного производства.
521 Примеч. о цел. назн. __
a Примеч. о целев. назн. Дополнительное профессиональное образование
650 Тематические рубрики __
a Основная рубрика Экономика. Бухгалтерский учет. Финансы
x Основная подрубрика Экономика промышленности
655 Указ. предметных рубрик (устаревшее) __
a Жанр/ форма (устаревшее) Научно-популярная литература
856 Электронный адрес документа 4_
a Имя сервера/домена znanium.ru
m Помощь ebs_support@infra-m.ru
n Местонахождение сервера НИЦ ИНФРА-М
u URL https://znanium.ru/catalog/document?id=475192
856 Электронный адрес документа 48
a Имя сервера/домена znanium.ru
d Путь /cover/2237
f Электронное имя 2237611.jpg
q Тип электронного формата image/jpeg
u URL https://znanium.ru/cover/2237/2237611.jpg
911 __
u 0030=https://znanium.ru/catalog/document?id=475192